[Event "Open Shangri' La'"]
[Site "Roma ITA"]
[Date "1996.??.??"]
[Round "3"]
[White "Balducci, Walter"]
[Black "Alfonsi, Paolo"]
[Result "0-1"]
[WhiteElo "1648"]
[BlackElo "1711"]
[PlyCount "104"]
[EventDate "1996.??.??"]

1. e4 c6 2. d4 d5 3. f3 e5 4. dxe5 Qh4+ 5. g3 Qh5 6. Nc3 dxe4 7. Be2 Qxe5 8.
Bf4 Qa5 9. Bd2 exf3 10. Nxf3 Qd8 11. O-O Be7 12. Qe1 Bh3 13. Rf2 Nf6 14. Bf1
Bxf1 15. Rxf1 O-O 16. Be3 Nbd7 17. Rd1 Re8 18. Qd2 Nb6 19. Ne5 Qxd2 20. Rxd2
Bb4 21. Bf4 Bxc3 22. bxc3 Nbd5 23. Rd3 h6 24. c4 Nxf4 25. gxf4 Rad8 26. Rfd1
Rxd3 27. Rxd3 g5 28. fxg5 hxg5 29. Nd7 Nxd7 30. Rxd7 Re2 31. Rxb7 Rxc2 32. Rxa7
Rxc4 33. a4 Kg7 34. a5 Kg6 35. a6 Ra4 36. Ra8 Kf5 37. a7 c5 38. Kf2 c4 39. Ke3
Ra3+ 40. Kd2 Kf4 41. Kc2 c3 42. Rf8 Rxa7 43. Kxc3 Rd7 44. Kc4 f5 45. Kc5 Rd2
46. Rh8 g4 47. Kc4 Kf3 48. Kc3 Rd1 49. Rf8 f4 50. Kc4 Rh1 51. Kd4 Rxh2 52. Ke5
Re2+ 0-1

[Event "Open Shangri' La'"]
[Site "Roma ITA"]
[Date "1996.??.??"]
[Round "3"]
[White "Barro, Carlo"]
[Black "Cardellini, Fabio"]
[Result "1/2-1/2"]
[WhiteElo "1771"]
[BlackElo "1600"]
[PlyCount "151"]
[EventDate "1996.??.??"]

1. d4 e6 2. Nf3 Nf6 3. e3 c5 4. Be2 Nc6 5. O-O d5 6. c4 dxc4 7. Bxc4 cxd4 8.
exd4 Be7 9. Nc3 O-O 10. h3 Qb6 11. Bd3 Rd8 12. Na4 Qc7 13. Qc2 Qd7 14. Rd1 Nb4
15. Qb3 Nxd3 16. Rxd3 b6 17. Be3 Bb7 18. Ne5 Qd5 19. Qxd5 Nxd5 20. Nc3 f6 21.
Nxd5 Bxd5 22. Ng4 h5 23. Nh2 Bb7 24. a3 e5 25. Rad1 e4 26. Rc3 Ba6 27. f3 f5
28. fxe4 fxe4 29. g4 hxg4 30. Nxg4 Be2 31. Rd2 Bxg4 32. hxg4 Rd7 33. Rc6 Kf7
34. Rf2+ Kg8 35. Re6 Rad8 36. Rxe4 Bf6 37. Rd2 Re7 38. Rxe7 Bxe7 39. g5 Kf7 40.
Kh2 Rd5 41. Rc2 Kg6 42. Rc6+ Kf5 43. g6 Bf6 44. Kg3 Bxd4 45. Bc1 Bf6 46. Kf3
Rd3+ 47. Ke2 Rd7 48. b4 Kxg6 49. Be3 Re7 50. Kd3 Kf7 51. a4 Ke8 52. Rc8+ Kd7
53. Ra8 Kc6 54. Bf4 Rd7+ 55. Kc2 Rd4 56. Bd2 Kb7 57. Rf8 Rc4+ 58. Kb3 Rc7 59.
b5 a6 60. Bf4 Rc3+ 61. Ka2 axb5 62. axb5 Rc2+ 63. Ka3 Be7+ 64. Kb3 Bxf8 65.
Kxc2 Kc8 66. Kd3 Kd7 67. Ke4 Ke6 68. Bc7 Bc5 69. Bg3 Bd6 70. Bf2 Bc5 71. Bg3 g5
72. Be5 g4 73. Bc7 Bf2 74. Kf4 g3 75. Kf3 Kd5 76. Bxb6 1/2-1/2

[Event "Open Shangri' La'"]
[Site "Roma ITA"]
[Date "1996.??.??"]
[Round "3"]
[White "De Carolis, Maurizio"]
[Black "Matano, Arturo"]
[Result "1/2-1/2"]
[WhiteElo "1555"]
[BlackElo "1663"]
[PlyCount "101"]
[EventDate "1996.??.??"]

1. c4 g6 2. g3 Bg7 3. Bg2 d6 4. Nc3 Nf6 5. e3 O-O 6. Nge2 e5 7. O-O Nbd7 8. b3
a5 9. Bb2 Re8 10. Qc2 Nc5 11. d3 Bf5 12. e4 Bd7 13. Nd5 Ne6 14. f4 Nxd5 15.
cxd5 Nc5 16. fxe5 Qg5 17. Bc1 Qd8 18. d4 Na6 19. Bb2 dxe5 20. a3 Qe7 21. dxe5
Bxe5 22. Bxe5 Qxe5 23. Qc4 b5 24. Qd4 Rad8 25. Rf6 Qxd4+ 26. Nxd4 Nc5 27. Re1
Nd3 28. Re3 Ne5 29. h3 Kg7 30. Rf1 c5 31. Nf3 Rc8 32. Nxe5 Rxe5 33. Ref3 Be8
34. Rf6 c4 35. bxc4 bxc4 36. d6 Rd8 37. h4 c3 38. Bh3 c2 39. d7 Bxd7 40. Rxf7+
Kg8 41. Rxd7 Rxd7 42. Bxd7 Rxe4 43. Kh2 Re7 44. Bc6 Rc7 45. Bd5+ Kg7 46. Rc1
Kf6 47. Bb3 Rc3 48. Bxc2 Rxa3 49. Kh3 Rc3 50. Rf1+ Ke5 51. Re1+ {...} 1/2-1/2

[Event "Open Shangri' La'"]
[Site "Roma ITA"]
[Date "1996.??.??"]
[Round "3"]
[White "Moroni, Marco"]
[Black "Arabito, Giuseppe"]
[Result "1/2-1/2"]
[WhiteElo "1842"]
[BlackElo "1579"]
[PlyCount "97"]
[EventDate "1996.??.??"]

1. e4 e5 2. Nf3 Nc6 3. Bc4 Nf6 4. d4 exd4 5. e5 Ne4 6. O-O d5 7. exd6 Nxd6 8.
Bd5 Be7 9. Nxd4 Nxd4 10. Qxd4 O-O 11. c4 Bf6 12. Qf4 Re8 13. Nc3 c6 14. Bf3 Be5
15. Qd2 Nxc4 16. Qc2 Be6 17. Ne4 h6 18. Nc5 Nd6 19. Rd1 Qc7 20. Nd3 Nf5 21.
Nxe5 Qxe5 22. Qa4 Bd5 23. Bf4 Qe6 24. Bxd5 cxd5 25. Qb5 Qe4 26. Bg3 d4 27. f3
Qe6 28. Re1 Ne3 29. Qxb7 Qg6 30. Rac1 Rab8 31. Qd7 Red8 32. Qe7 Re8 33. Qxa7
Rxb2 34. Qxd4 Rxg2+ 35. Kh1 Rxg3 36. Rxe3 Rxe3 37. Qxe3 Rg5 38. Qe4 Qxe4 39.
fxe4 Ra5 40. Rc2 Kh7 41. Kg2 Kg6 42. Rd2 Kf6 43. h4 Ke5 44. Re2 Ra4 45. Rf2
Rxe4 46. Rxf7 Re2+ 47. Kh3 Rxa2 48. Rxg7 Kf6 49. Rg8 1/2-1/2

[Event "Open Shangri' La'"]
[Site "Roma ITA"]
[Date "1996.??.??"]
[Round "3"]
[White "Papetti, Francesco"]
[Black "Scagliarini, Bruno"]
[Result "1/2-1/2"]
[WhiteElo "1705"]
[BlackElo "1767"]
[PlyCount "76"]
[EventDate "1996.??.??"]

1. d4 e6 2. Nf3 Nf6 3. c4 d5 4. Bg5 c6 5. e3 Nbd7 6. Bd3 Qa5+ 7. Nbd2 Ne4 8.
Bf4 Bb4 9. a3 Bxd2+ 10. Nxd2 Nxd2 11. Qxd2 Qxd2+ 12. Kxd2 Nf6 13. f3 O-O 14. g4
dxc4 15. Bxc4 Nd5 16. Be5 Rd8 17. Ke2 b6 18. Rac1 Bb7 19. b4 Rac8 20. Rc2 c5
21. bxc5 bxc5 22. Bxd5 Rxd5 23. e4 Rd7 24. Rxc5 f6 25. Rxc8+ Bxc8 26. Bb8 Rxd4
27. Bxa7 Ba6+ 28. Kf2 Rd2+ 29. Kg3 Rc2 30. Re1 Rc3 31. Re3 Rc1 32. Bb8 Rg1+ 33.
Kf2 Rf1+ 34. Kg2 Rb1 35. Bd6 Rb2+ 36. Kg1 Rb1+ 37. Kg2 Rb2+ 38. Kg1 Rb1+
1/2-1/2

[Event "Open Shangri' La'"]
[Site "Roma ITA"]
[Date "1996.??.??"]
[Round "3"]
[White "Pierangeli, Andrea"]
[Black "Trebeschi, Andrea"]
[Result "1/2-1/2"]
[WhiteElo "1750"]
[BlackElo "1756"]
[PlyCount "88"]
[EventDate "1996.??.??"]

1. e4 d6 2. d4 Nf6 3. Bd3 g6 4. Bf4 Bg7 5. Ne2 O-O 6. O-O Nbd7 7. Qd2 e5 8.
dxe5 Nxe5 9. f3 Nh5 10. Bg5 Bf6 11. Bxf6 Nxf6 12. Nbc3 Be6 13. b3 a6 14. Nf4 d5
15. exd5 Bxd5 16. Nfxd5 Nxd5 17. Be4 Nxc3 18. Qxc3 Nc6 19. Rad1 Qe7 20. Bxc6
bxc6 21. Rfe1 Qa3 22. Qxc6 Qxa2 23. Re7 Rad8 24. Rxd8 Qa1+ 25. Kf2 Rxd8 26.
Re8+ Rxe8 27. Qxe8+ Kg7 28. Qc6 Qd4+ 29. Ke2 Qe5+ 30. Kd3 Qxh2 31. g4 Qd6+ 32.
Qxd6 cxd6 33. Ke4 Kf6 34. b4 h5 35. c4 h4 36. f4 Ke6 37. f5+ gxf5+ 38. gxf5+
Kd7 39. Kf4 Kc6 40. Kg4 d5 41. cxd5+ Kxd5 42. Kxh4 Kc4 43. Kg5 Kxb4 44. Kf6 a5
1/2-1/2

[Event "Open Shangri' La'"]
[Site "Roma ITA"]
[Date "1996.??.??"]
[Round "3"]
[White "Quimi, Marco"]
[Black "Farina, Saverio"]
[Result "1-0"]
[WhiteElo "2225"]
[BlackElo "2170"]
[PlyCount "133"]
[EventDate "1996.??.??"]

1. e4 e6 2. d4 d5 3. e5 c5 4. c3 Nc6 5. Be3 Qb6 6. Qd2 f6 7. Nf3 fxe5 8. dxe5
Qc7 9. Bb5 Bd7 10. Bf4 Nge7 11. O-O Ng6 12. Bg3 Be7 13. Na3 a6 14. Bd3 Ngxe5
15. Nxe5 Nxe5 16. Rad1 Bd6 17. Bb1 O-O-O 18. b4 c4 19. Rde1 Nf7 20. Nc2 Bxg3
21. hxg3 Rhe8 22. Re2 Nd6 23. Ne3 Bc6 24. Rfe1 Qf7 25. Ng4 Nf5 26. Ne5 Qf6 27.
g4 Nd6 28. Qe3 Qe7 29. Nxc6 bxc6 30. a4 g6 31. Qxe6+ Qxe6 32. Rxe6 Rxe6 33.
Rxe6 Kd7 34. Re3 Re8 35. Rxe8 Nxe8 36. f3 Kd6 37. Kf2 Nc7 38. Ke3 c5 39. bxc5+
Kxc5 40. f4 Kd6 41. g5 Ne6 42. g4 Kc5 43. f5 gxf5 44. gxf5 Nxg5 45. Kf4 Nf7 46.
f6 d4 47. cxd4+ Kxd4 48. Bxh7 c3 49. Bc2 a5 50. Kf5 Ke3 51. Ke6 Ng5+ 52. Kd5
Kd2 53. Bb3 Kd3 54. Kc6 Kd4 55. Kb5 Ke5 56. Kxa5 Kxf6 57. Kb6 Ke7 58. a5 Kd6
59. a6 Ne6 60. a7 Nc7 61. Kb7 Kd7 62. Bc2 Kd6 63. Ba4 Ne6 64. a8=Q Nc5+ 65. Kb6
Nxa4+ 66. Qxa4 Kd5 67. Kb5 1-0

[Event "Open Shangri' La'"]
[Site "Roma ITA"]
[Date "1996.??.??"]
[Round "3"]
[White "Rotondi, Paolo"]
[Black "Wyss, Walter"]
[Result "1/2-1/2"]
[WhiteElo "1591"]
[BlackElo "2215"]
[PlyCount "140"]
[EventDate "1996.??.??"]

1. c4 f5 2. d4 Nf6 3. Nc3 g6 4. g3 Bg7 5. Bg2 d6 6. Nh3 O-O 7. O-O Qe8 8. Re1
c6 9. e4 fxe4 10. Nxe4 Nxe4 11. Rxe4 Qf7 12. Qe2 e5 13. dxe5 dxe5 14. Ng5 Qc7
15. h3 Na6 16. c5 Bf6 17. Qc4+ Kg7 18. Bd2 Qe7 19. Bc3 Qxc5 20. Nf3 Qxc4 21.
Rxc4 Be6 22. Re4 Bd5 23. Re2 Bxf3 24. Bxf3 Rae8 25. Rae1 Rf7 26. Bg2 Ref8 27.
f3 Nc5 28. b4 Nd7 29. h4 Bd8 30. Bxe5+ Nxe5 31. Rxe5 Bc7 32. Rg5 Rd8 33. a4 Rd4
34. Re4 Rd1+ 35. Kh2 Rd2 36. Kh3 h6 37. Rc5 Bd6 38. Rcc4 Ra2 39. b5 cxb5 40.
axb5 Rb2 41. Re6 Rf6 42. Rxf6 Kxf6 43. Ra4 Rxb5 44. Rxa7 Rb3 45. Ra4 b5 46. Ra6
Ke7 47. Ra7+ Ke6 48. Ra6 b4 49. f4 Re3 50. Ra4 h5 51. Kh2 Ra3 52. Bc6 Bc5 53.
Bb5 Kd5 54. Rxa3 bxa3 55. Be8 Kd4 56. Bf7 Kc3 57. Kg2 Kb2 58. Kf3 a2 59. Bxa2
Kxa2 60. g4 Be7 61. gxh5 gxh5 62. f5 Kb2 63. Kg3 Kc3 64. Kh3 Kd3 65. Kg3 Ke3
66. Kh2 Kf2 67. f6 Bd6+ 68. Kh1 Kg3 69. f7 Kxh4 70. f8=Q Bxf8 1/2-1/2

[Event "Open Shangri' La'"]
[Site "Roma ITA"]
[Date "1996.??.??"]
[Round "3"]
[White "Scagliarini, Valentina"]
[Black "Mazziotto, Nicola"]
[Result "1-0"]
[WhiteElo "1606"]
[BlackElo "1522"]
[PlyCount "55"]
[EventDate "1996.??.??"]

1. e4 e6 2. d4 a6 3. Be3 b5 4. Bd3 Bb7 5. Nf3 Nf6 6. Nbd2 Qc8 7. Qe2 c5 8. dxc5
Bxc5 9. Bxc5 Qxc5 10. Nb3 Qb6 11. O-O O-O 12. e5 Nd5 13. Bxh7+ Kxh7 14. Ng5+
Kh6 15. Qg4 f5 16. Qh4+ Kg6 17. Qh7+ Kxg5 18. Qxg7+ Kh5 19. Qh7+ Kg4 20. Qg6+
Kf4 21. Qg3+ Ke4 22. Rfe1+ Ne3 23. Rxe3+ Kd5 24. Qf3+ Kc4 25. Qf4+ Be4 26.
Rxe4+ Kd5 27. Rd1+ Kc6 28. Rd6+ 1-0

[Event "Open Shangri' La'"]
[Site "Roma ITA"]
[Date "1996.??.??"]
[Round "3"]
[White "Spano' Cuomo, Gaetano"]
[Black "Buffoni, Luca"]
[Result "0-1"]
[WhiteElo "1704"]
[BlackElo "1708"]
[PlyCount "92"]
[EventDate "1996.??.??"]

1. d4 d5 2. Nf3 Nf6 3. Nc3 e6 4. Bg5 c5 5. e3 Nc6 6. Bd3 Be7 7. O-O O-O 8. dxc5
Bxc5 9. e4 dxe4 10. Nxe4 Be7 11. Bxf6 Bxf6 12. Qe2 g6 13. Nxf6+ Qxf6 14. c3 e5
15. Rad1 Bf5 16. Qe3 Rfe8 17. Bxf5 Qxf5 18. Rd5 Rad8 19. Rfd1 Rxd5 20. Rxd5
Qb1+ 21. Qe1 Qxa2 22. Rd1 Qxb2 23. h3 Qb5 24. Ng5 Re7 25. Rd6 a5 26. Qd2 e4 27.
Rd5 Qc4 28. Rxa5 Qd3 29. Ra8+ Kg7 30. Qf4 h6 31. Nh7 Qxc3 32. Nf6 Qxf6 33. Rg8+
Kxg8 34. Qxf6 Re6 35. Qa1 b5 36. g4 b4 37. Kg2 Kh7 38. Kg3 Ne5 39. Kf4 Nd3+ 40.
Ke3 b3 41. Qa7 Kg7 42. f4 b2 43. Qb7 Rc6 44. f5 Rc1 45. fxg6 Rf1 46. Qxe4 Re1+
0-1

[Event "Open Shangri' La'"]
[Site "Roma ITA"]
[Date "1996.??.??"]
[Round "3"]
[White "Verrascina, Nicola"]
[Black "Pompa, Alessandro"]
[Result "0-1"]
[WhiteElo "2090"]
[BlackElo "2091"]
[PlyCount "70"]
[EventDate "1996.??.??"]

1. e4 c6 2. d4 d5 3. e5 h5 4. Bd3 g6 5. Qe2 Nh6 6. e6 Bxe6 7. Bxg6 Bg4 8. f3
fxg6 9. fxg4 Nxg4 10. Nf3 Qd6 11. c4 Nd7 12. Nc3 dxc4 13. Qxc4 Nb6 14. Qe2
O-O-O 15. Bg5 Re8 16. O-O-O Bg7 17. h3 Nh6 18. Kb1 Nf5 19. Ne4 Qb4 20. Ne5 Nxd4
21. Rxd4 Qxd4 22. Nxg6 Nc4 23. Nxh8 Rxh8 24. Rc1 Nxb2 25. Nc3 Qd3+ 26. Qxd3
Nxd3 27. Rd1 Nf2 28. Rf1 Nxh3 29. gxh3 Bxc3 30. Rf7 e5 31. Kc2 Rg8 32. h4 Ba5
33. Kd3 Bd8 34. Bxd8 Rxd8+ 35. Ke3 Rd4 0-1

[Event "Open Shangri' La'"]
[Site "Roma ITA"]
[Date "1996.??.??"]
[Round "3"]
[White "Verrascina, Roberto"]
[Black "Lepri, Livio"]
[Result "1/2-1/2"]
[WhiteElo "2225"]
[BlackElo "1600"]
[PlyCount "82"]
[EventDate "1996.??.??"]

1. Nf3 Nf6 2. g3 g6 3. Bg2 Bg7 4. O-O O-O 5. d4 d5 6. c4 c6 7. Nc3 Bf5 8. Qb3
Qb6 9. c5 Qxb3 10. axb3 Na6 11. Ne5 Nc7 12. h3 Nd7 13. f4 Nxe5 14. fxe5 f6 15.
Bf4 fxe5 16. Bxe5 Bxe5 17. dxe5 Bc2 18. b4 Rxf1+ 19. Kxf1 a6 20. Ke1 Rf8 21.
Ra3 d4 22. Kd2 dxc3+ 23. Kxc2 Nb5 24. Ra1 Rf2 25. Bf1 Nd4+ 26. Kxc3 Nxe2+ 27.
Kb3 Nd4+ 28. Ka4 Rxb2 29. Bc4+ Kg7 30. Rd1 Nf3 31. Ka3 Rc2 32. Bb3 Rc3 33. Kb2
Re3 34. Rd7 Rxe5 35. Rxb7 Nd4 36. Bc4 Nb5 37. Bd3 Re3 38. Bb1 Re2+ 39. Kb3 Re3+
40. Kb2 Re2+ 41. Kc1 Re1+ 1/2-1/2

[Event "Open Shangri' La'"]
[Site "Roma ITA"]
[Date "1996.??.??"]
[Round "4"]
[White "Alfonsi, Paolo"]
[Black "Spano' Cuomo, Gaetano"]
[Result "1-0"]
[WhiteElo "1711"]
[BlackElo "1704"]
[PlyCount "71"]
[EventDate "1996.??.??"]

1. e4 e5 2. Nf3 Nc6 3. Bc4 Be7 4. Nc3 Nf6 5. d3 d6 6. h3 Na5 7. Be3 Nxc4 8.
dxc4 Be6 9. Qe2 Nd7 10. O-O-O c6 11. g4 a5 12. a4 Qc7 13. Ng5 Nb6 14. Nxe6 fxe6
15. f4 exf4 16. Bxf4 O-O 17. Be3 Bf6 18. Bd4 Bg5+ 19. Kb1 e5 20. Bf2 Rxf2 21.
Qxf2 Nxc4 22. Rd3 Rf8 23. Qg1 Bd2 24. Ka1 b5 25. b3 Bxc3+ 26. Rxc3 Na3 27. Kb2
b4 28. Rd3 d5 29. Rh2 Qf7 30. Rdd2 dxe4 31. Rhf2 Qe7 32. Rxf8+ Qxf8 33. Qd1 Qc5
34. Rd8+ Kf7 35. Qf1+ Kg6 36. Qf5+ 1-0

[Event "Open Shangri' La'"]
[Site "Roma ITA"]
[Date "1996.??.??"]
[Round "4"]
[White "Arabito, Giuseppe"]
[Black "Scagliarini, Valentina"]
[Result "0-1"]
[WhiteElo "1579"]
[BlackElo "1606"]
[PlyCount "106"]
[EventDate "1996.??.??"]

1. e4 e6 2. d3 d5 3. Nd2 Nf6 4. g3 dxe4 5. dxe4 Be7 6. Ngf3 b6 7. c3 Bb7 8. Qc2
Nbd7 9. Bg2 Nc5 10. e5 Nd3+ 11. Kf1 Nh5 12. Nc4 O-O 13. Be3 g6 14. Rd1 Be4 15.
Qe2 Qd5 16. Ncd2 Nxb2 17. Nxe4 Qxd1+ 18. Qxd1 Nxd1 19. Bc1 f5 20. Neg5 Nxc3 21.
Nxe6 Nxa2 22. Bb2 c5 23. Nfg5 Bxg5 24. Bd5 Kh8 25. Nxg5 h6 26. e6+ Ng7 27. e7
Rfe8 28. Ne6 Rxe7 29. Nxg7 Rxg7 30. Bxa8 c4 31. Be5 c3 32. Ke2 b5 33. Bd5 Nb4
34. Bb3 Kh7 35. Bxg7 Kxg7 36. Rc1 a5 37. Rxc3 a4 38. Bxa4 bxa4 39. Rc4 Nd5 40.
Kd2 a3 41. Ra4 Nb6 42. Ra7+ Kf8 43. Kc3 Nd5+ 44. Kb3 a2 45. Rxa2 Kf7 46. Rd2
Nf6 47. f3 g5 48. Kc4 Ke6 49. Re2+ Kf7 50. Kd4 Kg6 51. Re6 Kf7 52. Ra6 Nd7 53.
Ra7 Ke6 0-1

[Event "Open Shangri' La'"]
[Site "Roma ITA"]
[Date "1996.??.??"]
[Round "4"]
[White "Buffoni, Luca"]
[Black "Verrascina, Nicola"]
[Result "0-1"]
[WhiteElo "1708"]
[BlackElo "2090"]
[PlyCount "80"]
[EventDate "1996.??.??"]

1. e4 d5 2. exd5 Nf6 3. d4 Nxd5 4. c4 Nb6 5. Nc3 e5 6. dxe5 Qxd1+ 7. Kxd1 Be6
8. b3 Nc6 9. Nf3 O-O-O+ 10. Ke2 Bg4 11. Be3 Bb4 12. Ne4 Bf5 13. Nfd2 Nd4+ 14.
Bxd4 Rxd4 15. f3 Rhd8 16. g4 Bg6 17. c5 Nd5 18. Nc4 Bxe4 19. fxe4 Nc3+ 20. Kf3
Nxe4 21. c6 bxc6 22. h4 Nd2+ 23. Nxd2 Rxd2 24. Bc4 Bc3 25. Rac1 Bxe5 26. a4 f6
27. Ba6+ Kb8 28. Rxc6 Rb2 29. Bc4 Rdd2 30. Re6 Bd6 31. Rc1 Kb7 32. Rf1 Rg2 33.
Bd5+ Kb6 34. Rc1 Rbf2+ 35. Ke3 Re2+ 36. Kd3 Rd2+ 37. Kc4 Rxg4+ 38. Re4 Rxe4+
39. Bxe4 Be5 40. Bxh7 Rd4+ 0-1

[Event "Open Shangri' La'"]
[Site "Roma ITA"]
[Date "1996.??.??"]
[Round "4"]
[White "De Carolis, Maurizio"]
[Black "Rotondi, Paolo"]
[Result "1-0"]
[WhiteElo "1555"]
[BlackElo "1591"]
[PlyCount "95"]
[EventDate "1996.??.??"]

1. c4 e5 2. g3 Nf6 3. Bg2 d5 4. cxd5 Nxd5 5. d3 Be7 6. Bd2 Nc6 7. Nc3 Nb6 8.
Nf3 Be6 9. Ne4 f6 10. O-O Qd7 11. a3 Bh3 12. Qc2 Bxg2 13. Kxg2 O-O 14. Rac1
Rac8 15. Nc5 Bxc5 16. Qxc5 Rfd8 17. b4 a6 18. Rc2 Nd4 19. Nxd4 Qxd4 20. Be3
Qd5+ 21. f3 Rd6 22. Bf2 Nd7 23. Qc4 c6 24. Rfc1 Qxc4 25. Rxc4 Rd5 26. Rd1 Nf8
27. e4 Rd7 28. d4 exd4 29. Rcxd4 Rcd8 30. Rxd7 Rxd7 31. Rxd7 Nxd7 32. f4 Kf7
33. Kf3 g6 34. h4 h5 35. g4 hxg4+ 36. Kxg4 Ke6 37. Bd4 Nf8 38. f5+ Kf7 39. a4
Nh7 40. a5 Nf8 41. fxg6+ Kxg6 42. h5+ Kf7 43. Kf5 Nd7 44. h6 Nf8 45. Bxf6 Kg8
46. e5 Kf7 47. e6+ Ke8 48. Bg7 1-0

[Event "Open Shangri' La'"]
[Site "Roma ITA"]
[Date "1996.??.??"]
[Round "4"]
[White "Farina, Saverio"]
[Black "Cardellini, Fabio"]
[Result "1-0"]
[WhiteElo "2170"]
[BlackElo "1600"]
[PlyCount "41"]
[EventDate "1996.??.??"]

1. d4 e6 2. e4 d5 3. exd5 exd5 4. Nf3 Nf6 5. c4 Be7 6. Nc3 c6 7. Be2 dxc4 8.
Bxc4 O-O 9. O-O Bg4 10. Re1 Nbd7 11. h3 Bh5 12. Bg5 h6 13. Bf4 Nb6 14. Bb3 Nbd5
15. Bd2 Re8 16. g4 Bg6 17. Ne5 Qc8 18. Qf3 Bd6 19. Nxg6 fxg6 20. Nxd5 cxd5 21.
Bxd5+ 1-0

[Event "Open Shangri' La'"]
[Site "Roma ITA"]
[Date "1996.??.??"]
[Round "4"]
[White "Matano, Arturo"]
[Black "Capitelli, Paolo"]
[Result "0-1"]
[WhiteElo "1663"]
[BlackElo "1872"]
[PlyCount "116"]
[EventDate "1996.??.??"]

1. e4 c5 2. Nf3 e6 3. d4 cxd4 4. Nxd4 Nf6 5. Nc3 Nc6 6. Be2 Bb4 7. Bf3 O-O 8.
Nxc6 bxc6 9. O-O d5 10. e5 Nd7 11. Bf4 Qc7 12. Qe2 Bb7 13. a3 Be7 14. Rfe1 Nb6
15. b3 a6 16. Qd2 Rfd8 17. Ne2 Nd7 18. Ng3 Rac8 19. c3 c5 20. Rac1 Nf8 21. Bg5
Ng6 22. Bxe7 Qxe7 23. Nh5 d4 24. Bxb7 Qxb7 25. b4 dxc3 26. Qxc3 cxb4 27. Qxb4
Qxb4 28. axb4 Rxc1 29. Rxc1 Nxe5 30. Nf4 Nc6 31. Kf1 Nxb4 32. Ke2 Kf8 33. Rc7
Nd5 34. Nxd5 Rxd5 35. Ra7 a5 36. g3 g6 37. h4 h5 38. Ke3 Kg7 39. f3 Kf6 40. f4
Rb5 41. Kf2 Rb2+ 42. Kf3 Ra2 43. Ra6 a4 44. Rc6 a3 45. Ra6 Ra1 46. Ra5 a2 47.
Kg2 Ke7 48. Ra6 f6 49. Ra7+ Kd6 50. Ra6+ Kc5 51. Ra5+ Kb4 52. Ra8 e5 53. fxe5
fxe5 54. Rb8+ Kc5 55. Rc8+ Kd6 56. Rd8+ Ke7 57. Ra8 e4 58. Ra5 e3 0-1

[Event "Open Shangri' La'"]
[Site "Roma ITA"]
[Date "1996.??.??"]
[Round "4"]
[White "Mazziotto, Nicola"]
[Black "Balducci, Walter"]
[Result "1/2-1/2"]
[WhiteElo "1522"]
[BlackElo "1648"]
[PlyCount "157"]
[EventDate "1996.??.??"]

1. Nf3 g6 2. e4 d6 3. d4 Bg7 4. Nc3 Nf6 5. h3 a6 6. Be3 b5 7. a3 Bb7 8. Bd3
Nbd7 9. b4 Rc8 10. Qd2 c5 11. O-O c4 12. e5 dxe5 13. dxe5 Bxf3 14. exf6 Bxf6
15. Bxg6 hxg6 16. gxf3 Ne5 17. Kg2 Qxd2 18. Bxd2 Rd8 19. Ne4 Bg7 20. Bc3 O-O
21. Rad1 Nc6 22. Bxg7 Kxg7 23. Nc5 a5 24. bxa5 Nxa5 25. Rb1 c3 26. Rxb5 Nc4 27.
a4 Rd2 28. Rc1 Ne3+ 29. Kg3 Nf5+ 30. Kg2 Nh4+ 31. Kf1 Nxf3 32. Ne4 Rd4 33. Nxc3
Rc4 34. Nd5 Nd4 35. Rb4 Rxc2 36. Rxc2 Nxc2 37. Rc4 e6 38. Nb6 Rb8 39. a5 Na3
40. Rc8 Rb7 41. Rc5 Kf6 42. Ke2 Ke7 43. a6 Rxb6 44. Ra5 Nb5 45. a7 Nxa7 46.
Rxa7+ Kf6 47. Kf3 Rb3+ 48. Kg4 g5 49. Ra5 Rb4+ 50. Kg3 Kg6 51. Ra6 Rd4 52. Rb6
Kf5 53. Rb5+ e5 54. Rb3 f6 55. Rb5 Rd3+ 56. f3 Rd4 57. Ra5 Ke6 58. Ra6+ Rd6 59.
Ra4 f5 60. h4 gxh4+ 61. Rxh4 Rd4 62. Rh1 Kd5 63. Rh5 Rf4 64. Rh1 Kc4 65. Re1
Kd5 66. Rd1+ Rd4 67. Ra1 Rc4 68. Re1 Rc3 69. Rd1+ Kc4 70. Rf1 e4 71. Kf4 Rxf3+
72. Rxf3 exf3 73. Kxf3 Kd5 74. Kf4 Ke6 75. Kf3 Ke5 76. Ke3 f4+ 77. Kf3 Kf5 78.
Ke2 Ke4 79. Kf2 1/2-1/2

[Event "Open Shangri' La'"]
[Site "Roma ITA"]
[Date "1996.??.??"]
[Round "4"]
[White "Moroni, Marco"]
[Black "Vigile, Matteo"]
[Result "0-1"]
[WhiteElo "1842"]
[BlackElo "1600"]
[PlyCount "96"]
[EventDate "1996.??.??"]

1. e4 e5 2. Nf3 Nc6 3. Bc4 Bc5 4. c3 Nf6 5. d4 exd4 6. cxd4 Bb4+ 7. Nc3 Nxe4 8.
O-O Bxc3 9. bxc3 d5 10. Bd3 O-O 11. Bxe4 dxe4 12. Ng5 Bf5 13. Re1 Re8 14. Qb3
Qd7 15. d5 Na5 16. Qb4 Qxd5 17. Bf4 b6 18. f3 exf3 19. Nxf3 c5 20. Qa4 Bd7 21.
Qc2 Qf5 22. Qc1 Rxe1+ 23. Nxe1 Qd5 24. Qc2 Bf5 25. Qf2 Rd8 26. Qg3 Nc6 27. Nf3
Qd3 28. Rc1 Bg6 29. Qg5 f6 30. Qg4 Qf5 31. Qg3 Rd3 32. Bb8 Ne5 33. Bxa7 Nxf3+
34. gxf3 h6 35. Qg4 Qe5 36. Rf1 Bh5 37. Qc4+ Rd5 38. Bxb6 Qe3+ 39. Kg2 Bf7 40.
Qe4 Rg5+ 41. Kh1 Qd2 42. Rg1 Bd5 43. Qe8+ Kh7 44. Rxg5 Bxf3+ 45. Kg1 Qxg5+ 46.
Kf1 Qg2+ 47. Ke1 Qg1+ 48. Kd2 Qd1+ 0-1

[Event "Open Shangri' La'"]
[Site "Roma ITA"]
[Date "1996.??.??"]
[Round "4"]
[White "Pompa, Alessandro"]
[Black "Lepri, Livio"]
[Result "1/2-1/2"]
[WhiteElo "2091"]
[BlackElo "1600"]
[PlyCount "72"]
[EventDate "1996.??.??"]

1. d4 Nf6 2. c4 e6 3. Nc3 d5 4. Bg5 Be7 5. e3 Nbd7 6. Nf3 c6 7. Qc2 h6 8. Bh4
O-O 9. Rc1 dxc4 10. Bxc4 Nd5 11. Bg3 N7b6 12. Be2 Nxc3 13. bxc3 Bd7 14. O-O c5
15. Ne5 Rc8 16. Qe4 Bc6 17. Nxc6 Rxc6 18. Bb5 Rc8 19. Qxb7 Bd6 20. dxc5 Rxc5
21. Rfd1 Qc7 22. Qxc7 Bxc7 23. Bxc7 Rxc7 24. Ba6 Nd5 25. Rd2 Rxc3 26. Rxc3 Nxc3
27. Rc2 Nd5 28. Rb2 Rd8 29. e4 Nb6 30. Kf1 Kf8 31. Ke2 Ke7 32. Rb4 Rd7 33. a4
Rc7 34. a5 Nd7 35. Ke3 e5 36. Be2 Kd6 1/2-1/2

[Event "Open Shangri' La'"]
[Site "Roma ITA"]
[Date "1996.??.??"]
[Round "4"]
[White "Scagliarini, Bruno"]
[Black "Barro, Carlo"]
[Result "1-0"]
[WhiteElo "1767"]
[BlackElo "1771"]
[PlyCount "119"]
[EventDate "1996.??.??"]

1. c4 Nf6 2. g3 g6 3. Bg2 Bg7 4. Nc3 d6 5. e3 c6 6. Nge2 O-O 7. d4 Na6 8. O-O
Nc7 9. b3 Rb8 10. Bb2 b5 11. cxb5 cxb5 12. Rc1 b4 13. Ne4 Nfd5 14. Nd2 Nb6 15.
Nc4 Bd7 16. Qd2 Be6 17. Na5 Bd7 18. Qxb4 Na4 19. Qd2 Nxb2 20. Qxb2 Nd5 21. Nc6
Bxc6 22. Rxc6 Nb4 23. Rc3 a5 24. Rfc1 Na6 25. Qd2 a4 26. bxa4 Qa5 27. Qd1 Nb4
28. Ra1 Rfc8 29. Rxc8+ Rxc8 30. a3 Nd5 31. Rb1 e5 32. Rb5 Nc3 33. Rxa5 Nxd1 34.
Ra8 Rxa8 35. Bxa8 Nb2 36. a5 Bf6 37. a6 Bd8 38. dxe5 dxe5 39. Nc3 Nc4 40. Nb5
Nb6 41. Bb7 Be7 42. a7 Bc5 43. a8=Q+ Nxa8 44. Bxa8 Kf8 45. a4 Bb6 46. Nc3 Ke8
47. Bc6+ Kd8 48. Nd5 Ba5 49. f3 f5 50. Kf2 g5 51. h4 h6 52. Bb5 Kc8 53. h5 Bd8
54. e4 fxe4 55. fxe4 g4 56. Be2 Kd7 57. Bxg4+ Kd6 58. Ne3 Bb6 59. Ke2 Kc5 60.
Nf5 1-0

[Event "Open Shangri' La'"]
[Site "Roma ITA"]
[Date "1996.??.??"]
[Round "4"]
[White "Trebeschi, Andrea"]
[Black "Papetti, Francesco"]
[Result "0-1"]
[WhiteElo "1756"]
[BlackElo "1705"]
[PlyCount "112"]
[EventDate "1996.??.??"]

1. e4 c6 2. d4 d5 3. e5 Bf5 4. h4 h6 5. Bd3 Bxd3 6. Qxd3 e6 7. c3 Nd7 8. Be3
Qb6 9. Qc2 Ne7 10. h5 Nf5 11. Nf3 Nxe3 12. fxe3 Be7 13. Nbd2 O-O-O 14. O-O-O
Rdg8 15. g4 g6 16. Rdg1 gxh5 17. gxh5 Qd8 18. Nf1 Bg5 19. Nxg5 Rxg5 20. Qf2 f6
21. Rxg5 fxg5 22. Rh3 g4 23. Rg3 Rf8 24. Qg2 Qg5 25. Nh2 Qxh5 26. Rxg4 Qf7 27.
Rf4 Qe7 28. Rxf8+ Nxf8 29. Qh3 Qg5 30. Ng4 h5 31. Nf6 h4 32. Kd2 Kd8 33. Ke2
Ke7 34. Kf3 Nh7 35. Qg4 Qxg4+ 36. Nxg4 Ng5+ 37. Kg2 Kf7 38. Nf2 Kg6 39. a4 Kf5
40. a5 b6 41. axb6 axb6 42. Nd3 Ke4 43. Nf4 Kxe3 44. Ng6 h3+ 45. Kg3 Kd2 46.
Nf4 Kc2 47. Nxh3 Nxh3 48. Kxh3 Kxb2 49. Kg4 Kxc3 50. Kg5 b5 51. Kf6 b4 52. Kxe6
b3 53. Kd6 b2 54. Kxc6 Kxd4 55. e6 b1=Q 56. e7 Qb8 0-1